Comparative economic systems

Saved in:
Bibliographic Details
Main Author: Schnitzer, Martin
Format: Book
Language:English
Published: Cincinnati : South-Western Pub. Co., c1991
Edition:5th ed.
Subjects:
Tags: Add Tag
No Tags, Be the first to tag this record!

MARC

LEADER 00000cam a2200000 i 4500
001 1/33242
008 950803s1991 eng d
020 |a 0538808918 
035 |l 10023899 
040 |a GR-MY-UA  |b gre  |e aacr 
041 0 |a eng 
082 0 |a 330.1 
100 1 |a Schnitzer, Martin. 
245 1 0 |a Comparative economic systems /  |c Martin C. Schnitzer 
250 |a 5th ed. 
260 |a Cincinnati :   |b South-Western Pub. Co.,   |c c1991 
300 |a xv, 496 p.;  |b ill.;  |c 24 cm 
500 |a Includes index 
504 |a Includes bibliographical references 
650 0 0 |a Comparative economics. 
852 |a INST  |b CHIOS  |e 19950803  |h 330.1 SCH  |p 005200004014  |q 005200004014  |t BK  |y 0 
909 |a Χ  |b 031188